Equipos de LaLiga Hypermotion 25/26 - Estadísticas

Estadísticas generales
  • Esta prueba ha sido intentada 84 veces
  • La puntuación promedio es 20 de 22
Estadísticas de respuestas
Respuesta % Correcto
Almería
94%
Deportivo La Coruña
94%
Racing de Santander
94%
Real Zaragoza
94%
Granada
93%
Las Palmas
93%
Real Valladolid
93%
Sporting Gijón
93%
Cádiz
91%
Córdoba
90%
Leganés
90%
Málaga
90%
Mirandés
90%
FC Andorra
87%
Real Sociedad B
87%
Albacete
86%
CD Castellón
86%
Burgos
84%
Eibar
84%
Huesca
83%
AD Ceuta
80%
Cultural Leonesa
80%
No se encontraron pruebas coincidentes
Distribución de puntuación
Porcentaje de gente con cada puntuación
Porcentaje por número respondido
Historial de tus puntuaciones
No has intentado esta prueba.